<?xml version="1.0" encoding="UTF-8"?>
<collection xmlns="http://www.loc.gov/MARC21/slim">
 <record>
  <leader>01605nab a2200217 i 4500</leader>
  <controlfield tag="001">acta67010</controlfield>
  <controlfield tag="005">20230509140029.0</controlfield>
  <controlfield tag="008">200512s2017    hu      o     0||   eng d</controlfield>
  <datafield tag="022" ind1=" " ind2=" ">
   <subfield code="a">1416-7972</subfield>
  </datafield>
  <datafield tag="040" ind1=" " ind2=" ">
   <subfield code="a">SZTE Egyetemi Kiadványok Repozitórium</subfield>
   <subfield code="b">hun</subfield>
  </datafield>
  <datafield tag="041" ind1=" " ind2=" ">
   <subfield code="a">eng</subfield>
  </datafield>
  <datafield tag="100" ind1="2" ind2=" ">
   <subfield code="a">Glässerné Nagyillés Anikó</subfield>
  </datafield>
  <datafield tag="245" ind1="1" ind2="0">
   <subfield code="a">&quot;Taking on a visit to the Lord Jesus...&quot; </subfield>
   <subfield code="h">[elektronikus dokumentum] :</subfield>
   <subfield code="b">Eucharistic education of children in the heart brigade /</subfield>
   <subfield code="c"> Glässerné Nagyillés Anikó</subfield>
  </datafield>
  <datafield tag="260" ind1=" " ind2=" ">
   <subfield code="c">2017</subfield>
  </datafield>
  <datafield tag="300" ind1=" " ind2=" ">
   <subfield code="a">201-209</subfield>
  </datafield>
  <datafield tag="490" ind1="0" ind2=" ">
   <subfield code="a">Religion, culture, society</subfield>
   <subfield code="v">4</subfield>
  </datafield>
  <datafield tag="520" ind1="3" ind2=" ">
   <subfield code="a">At the turn of the 19th to 20th century in Hungary too the growing veneration of the Sacred Heart was closely linked in Catholic religious practice to observation of the first Fridays and frequent Holy Communion. These practices were also of great importance in the Heart Brigade, veneration of the Sacred Heart organised for children in the form of a confraternity. It was considered important for children to learn at an early age the most important element of religious life because it was thought that what they learned in childhood would be carried into adult life and subsequently passed on to their own children. The intention in giv-ing children a religious education was to better society over the long term.</subfield>
  </datafield>
  <datafield tag="650" ind1=" " ind2="4">
   <subfield code="a">Bölcsészettudományok</subfield>
  </datafield>
  <datafield tag="650" ind1=" " ind2="4">
   <subfield code="a">Filozófia, etika és vallástudományok</subfield>
  </datafield>
  <datafield tag="695" ind1=" " ind2=" ">
   <subfield code="a">Katolikus egyház - ifjúsági egyesületek - eucharisztia - Szívgárda - gyermeknevelés</subfield>
  </datafield>
  <datafield tag="856" ind1="4" ind2="0">
   <subfield code="u">http://acta.bibl.u-szeged.hu/67010/1/religion_culture_society_004_201-209.pdf</subfield>
   <subfield code="z">Dokumentum-elérés </subfield>
  </datafield>
 </record>
</collection>
